000 00599nam a2200181 i 4500
001 116007
003 ES-MaACL
005 20230906190619.0
007 t|
008 061121s1931 fr b |||| | fre d
100 1 _aOulié, Marthe.
_987976
245 1 0 _aBidon 5, en rallye á travers le Sahara /
_cMarthe Oulié.
260 _aParis :
_bE. Flammarion,
_c1931.
300 _a282 p., 1 mapa ;
_c19 x 12 cm.
505 8 _aContiene: Quelques notes géologiques sur le région Soudan-Hoggar, por Charles Jambon, p. 273-281.
651 4 _aSahara-
_xDescripción.
_9137377
852 _aES-MaACL
_jA-536
999 _c116007
_d116007